000 00345nam a2200145Ia 4500
008 150201s2004 xx 000 0 und d
082 _a615
_bP2004Y
100 _aYAGIELA
245 _aPHARMACOLOGY & THERAPUTICS FOR DENTISTRY
250 _a5TH
260 _bMOSBY
_aDELHI
_c2004
300 _a1-973
650 _aPHARMACOLOGY
942 _2ddc
_cBK
999 _c3752
_d3752